La Carioca - Statistiques

Statistiques générales
  • Ce quiz a été pris 45 fois
  • Le résultat moyen est 119 sur 179
Statistiques - réponses
Mots % Correct
ça
100%
Ça
100%
Carioca ?
100%
Carioca
100%
la
100%
100%
Ce
97%
tu
94%
Tu
94%
danse
89%
Dansons
89%
ne
89%
n'est
89%
pas
89%
Youpi
89%
danser
86%
Sais-
86%
comme
83%
fais
83%
moi
83%
tous
83%
Tous
83%
un
83%
bien
75%
Faisez
75%
ou
75%
à
72%
C'est
72%
tango
69%
une
67%
"Au
64%
le
64%
cha cha
58%
cha-cha
58%
revoir"
58%
dire
56%
oui
56%
Pour
56%
pour
56%
de
53%
que
53%
Tant
53%
et
50%
Et
50%
faut
50%
les
50%
mes
50%
Oh
50%
pis
50%
plus
50%
polka
50%
Polka
50%
s'il
50%
te
50%
danses
47%
dès
47%
suis
47%
autres
44%
aux
44%
Avec
44%
compliqué
44%
en
44%
monde
44%
peux
44%
tout
44%
faire
42%
matins
39%
Quand
39%
quand
39%
très
39%
vraiment
39%
bouger
36%
du
36%
Encore
36%
lever
36%
veux
36%
bossa
33%
Maintenant
33%
moins
33%
t'en
33%
comprendre
31%
fiches
31%
journée
31%
n'en
31%
nova
31%
Rumba,
31%
cette
28%
chaque
25%
fox trot
25%
goûté
25%
joie
25%
mets
25%
t'as
25%
petit
22%
hula-hoop
14%
Aucun quiz correspondant
Distribution des résultats
% des personnes avec chaque résultat
Percentile par nombre de réponses
Votre historique - résultats
Vous n’avez pas pris ce quiz